[Event "PRAGUE OPEN 2020 - A - IM open"]
[Site "Praha, Olympik hotel"]
[Date "2020.01.14"]
[Round "6"]
[White "TSOTSONAVA, Elene"]
[Black "ROMANESCO, Roel"]
[Result "1-0"]
[WhiteElo "2078"]
[BlackElo "1856"]
[PlyCount "47"]
[EventDate "2020.01.10"]

1. e4 e5 2. Nf3 Nc6 3. Bb5 a6 4. Ba4 Nf6 5. O-O Be7 6. Re1 b5 7. Bb3 O-O 8. a4
d5 9. exd5 Na5 10. Nxe5 Bb7 11. Nc6 Bxc6 12. dxc6 Nxb3 13. cxb3 Bc5 14. d4 Bxd4
15. axb5 a5 16. Nc3 Re8 17. Bf4 Rxe1+ 18. Qxe1 Ng4 19. Bg3 Qf6 20. Nd5 Qh6 21.
h3 Be5 22. Bxe5 Re8 23. hxg4 f6 24. Qc1 1-0

[Event "PRAGUE OPEN 2020 - A - IM open"]
[Site "Praha, Olympik hotel"]
[Date "2020.01.14"]
[Round "6"]
[White "SOLBU, Lasse Tveter"]
[Black "HOLUB, Adam"]
[Result "1-0"]
[WhiteElo "1898"]
[BlackElo "1657"]
[PlyCount "53"]
[EventDate "2020.01.10"]

1. e4 c5 2. Nc3 Nc6 3. f4 d6 4. Nf3 g6 5. Bc4 Bg7 6. O-O a6 7. d3 Na5 8. Qe1
Nxc4 9. dxc4 e6 10. f5 Nf6 11. Qh4 e5 12. g4 h6 13. Qg3 b5 14. Nxe5 Nxe4 15.
Nxe4 Bxe5 16. Bf4 Bd4+ 17. Be3 Be5 18. Qf3 Qh4 19. Nxd6+ Kf8 20. Bf4 Bxf4 21.
Qxf4 gxf5 22. Nxf5 Bxf5 23. Qxf5 f6 24. Qxc5+ Kg7 25. Qe7+ Kg6 26. Qe4+ Kg7 27.
Rad1 1-0

[Event "PRAGUE OPEN 2020 - A - IM open"]
[Site "Praha, Olympik hotel"]
[Date "2020.01.14"]
[Round "6"]
[White "JAHODA, Ladislav"]
[Black "SHEHZAD, Alisha"]
[Result "1/2-1/2"]
[WhiteElo "1890"]
[BlackElo "1696"]
[PlyCount "31"]
[EventDate "2020.01.10"]

1. e4 c5 2. c3 Nf6 3. e5 Nd5 4. d4 cxd4 5. Nf3 Nc6 6. cxd4 d6 7. exd6 Qxd6 8.
Nc3 g6 9. Bc4 Nb6 10. Bb3 Bg7 11. Be3 O-O 12. O-O Bg4 13. h3 Bxf3 14. Qxf3 Nxd4
15. Bxd4 Qxd4 16. Qxb7 1/2-1/2

[Event "PRAGUE OPEN 2020 - B - FIDE open"]
[Site "Praha, Olympik hotel"]
[Date "2020.01.14"]
[Round "6"]
[White "TREFILIK, Jiri"]
[Black "KYLAR, Miroslav"]
[Result "0-1"]
[WhiteElo "1585"]
[BlackElo "1899"]
[PlyCount "31"]
[EventDate "2020.01.10"]

1. e4 c6 2. d4 d5 3. e5 Bf5 4. h4 h5 5. Ne2 e6 6. Ng3 Bg6 7. Be2 Be7 8. Bxh5
Bxh5 9. Nxh5 g6 10. Ng3 Rxh4 11. Qd3 Rxh1+ 12. Nxh1 Bg5 13. Bxg5 Qxg5 14. Ng3
Qc1+ 15. Qd1 Qxb2 16. Nd2 0-1

[Event "PRAGUE OPEN 2020 - B - FIDE open"]
[Site "Praha, Olympik hotel"]
[Date "2020.01.14"]
[Round "6"]
[White "LU, Miaoyi"]
[Black "ZAMORSKY, Ladislav"]
[Result "1-0"]
[WhiteElo "1734"]
[BlackElo "1804"]
[PlyCount "59"]
[EventDate "2020.01.10"]

1. d4 Nf6 2. c4 c5 3. d5 e6 4. Nc3 exd5 5. cxd5 d6 6. g3 g6 7. Bg2 Bg7 8. Nf3
b5 9. Nxb5 Qa5+ 10. Nc3 Ne4 11. Bd2 Nxd2 12. Qxd2 O-O 13. O-O Re8 14. Qc2 Ba6
15. Rfe1 Nd7 16. e4 Rab8 17. Rac1 c4 18. Red1 Nc5 19. Ne1 Rb4 20. Rb1 Reb8 21.
Bf1 Qb6 22. Bg2 Rxb2 23. Rxb2 Qxb2 24. Rb1 Nd3 25. Rxb2 Rxb2 26. Qa4 Bxc3 27.
Nxd3 Rb1+ 28. Bf1 cxd3 29. Qxa6 d2 30. Qc8+ 1-0

[Event "PRAGUE OPEN 2020 - B - FIDE open"]
[Site "Praha, Olympik hotel"]
[Date "2020.01.14"]
[Round "6"]
[White "PINKAS, Jiri"]
[Black "AKERMAN, Jan"]
[Result "1-0"]
[WhiteElo "1746"]
[BlackElo "1543"]
[PlyCount "75"]
[EventDate "2020.01.10"]

1. Nf3 Nf6 2. g3 g6 3. Bg2 Bg7 4. O-O e6 5. c4 d5 6. d3 O-O 7. Nc3 a6 8. a3 b6
9. Qc2 dxc4 10. dxc4 Bb7 11. Rb1 Qe7 12. b4 c6 13. Ne5 Nfd7 14. Nd3 Ne5 15. Ne4
Nxd3 16. Qxd3 Rd8 17. Qb3 Nd7 18. Rd1 Nf6 19. Bg5 h6 20. Nxf6+ Bxf6 21. Bxh6 g5
22. f4 Bd4+ 23. e3 Bf6 24. Qc2 gxf4 25. exf4 Bd4+ 26. Kh1 Bf6 27. Be4 b5 28.
Qe2 Rd4 29. Rxd4 Bxd4 30. Qg4+ Kh8 31. Qh5 Kg8 32. Bh7+ Kh8 33. Be4 Kg8 34. Rd1
Bf6 35. Bg5 Rb8 36. Qh7+ Kf8 37. Bh6+ Ke8 38. Qg8+ 1-0

[Event "PRAGUE OPEN 2020 - B - FIDE open"]
[Site "Praha, Olympik hotel"]
[Date "2020.01.14"]
[Round "6"]
[White "KOLMAS, Oldrich"]
[Black "SCHOEPPE, Christian"]
[Result "1/2-1/2"]
[WhiteElo "1711"]
[BlackElo "1490"]
[PlyCount "62"]
[EventDate "2020.01.10"]

1. e4 e5 2. Bc4 Nf6 3. Nc3 c6 4. Nf3 b5 5. Bb3 b4 6. Na4 d6 7. d3 Be7 8. Bd2 a5
9. Be3 Nbd7 10. h3 O-O 11. O-O d5 12. exd5 cxd5 13. c3 Ba6 14. Re1 Qc7 15. Rc1
Qb8 16. cxb4 Bxb4 17. Bd2 Bxd2 18. Qxd2 Bxd3 19. Qxd3 e4 20. Qe2 exf3 21. Qxf3
Ne5 22. Qf5 Re8 23. Rcd1 Qd6 24. Nc3 d4 25. Nb5 Qc5 26. Nxd4 a4 27. Bc2 Rad8
28. Bxa4 Rxd4 29. Bxe8 Rxd1 30. Rxd1 Nxe8 31. Rd8 f6 1/2-1/2

[Event "PRAGUE OPEN 2020 - B - FIDE open"]
[Site "Praha, Olympik hotel"]
[Date "2020.01.14"]
[Round "6"]
[White "BEZDEK, Tomas"]
[Black "SCHLEGEL, Hagen"]
[Result "1-0"]
[WhiteElo "1255"]
[BlackElo "1696"]
[PlyCount "49"]
[EventDate "2020.01.10"]

1. d4 Nf6 2. Bf4 d5 3. e3 Bf5 4. c4 e6 5. Nc3 c6 6. Qb3 Qb6 7. c5 Qxb3 8. axb3
Be7 9. Bxb8 Rxb8 10. Rxa7 O-O 11. Nf3 Nd7 12. Be2 e5 13. b4 e4 14. Nd2 Be6 15.
b5 f5 16. b4 Rfe8 17. Nb3 g6 18. Na5 Rec8 19. Rxb7 Rxb7 20. Nxb7 Ra8 21. bxc6
Ra1+ 22. Nd1 Nb6 23. cxb6 Bxb4+ 24. Kf1 Bc8 25. Nc5 1-0

[Event "PRAGUE OPEN 2020 - B - FIDE open"]
[Site "Praha, Olympik hotel"]
[Date "2020.01.14"]
[Round "6"]
[White "KUBIK, Jaroslav"]
[Black "ZACEK, Petr"]
[Result "1/2-1/2"]
[WhiteElo "1695"]
[BlackElo "1523"]
[PlyCount "32"]
[EventDate "2020.01.10"]

1. c4 e5 2. Nc3 Nc6 3. Nf3 Nf6 4. d3 g6 5. g3 Bg7 6. Bg2 O-O 7. O-O d6 8. Bd2
Bd7 9. Rc1 a5 10. b3 Re8 11. e4 Bg4 12. h3 Bd7 13. Kh2 h6 14. Be3 Ne7 15. Qd2
Kh7 16. g4 Qc8 1/2-1/2

[Event "PRAGUE OPEN 2020 - B - FIDE open"]
[Site "Praha, Olympik hotel"]
[Date "2020.01.14"]
[Round "6"]
[White "TAISL, Lubomir"]
[Black "QABAZARD, Mohamed"]
[Result "0-1"]
[WhiteElo "1282"]
[BlackElo "1583"]
[PlyCount "36"]
[EventDate "2020.01.10"]

1. Nf3 d5 2. c4 Nf6 3. g3 g6 4. Bg2 Bg7 5. O-O O-O 6. d3 b6 7. cxd5 Nxd5 8. a3
Bb7 9. Qc2 c5 10. Nfd2 Qd7 11. Nc4 Nc6 12. Ne3 Nd4 13. Qd1 Nxe3 14. fxe3 Bxg2
15. Kxg2 Qd5+ 16. Kg1 Nb3 17. e4 Qe6 18. Ra2 Nxc1 0-1

[Event "PRAGUE OPEN 2020 - B - FIDE open"]
[Site "Praha, Olympik hotel"]
[Date "2020.01.14"]
[Round "6"]
[White "NIGRIN, Jiri"]
[Black "VORA, Ananya"]
[Result "1/2-1/2"]
[WhiteElo "1580"]
[BlackElo "1354"]
[PlyCount "32"]
[EventDate "2020.01.10"]

1. c4 e6 2. d4 d5 3. e3 c6 4. Nf3 Nf6 5. cxd5 exd5 6. Be2 Bd6 7. O-O Bf5 8. b3
Nbd7 9. Ba3 Qc7 10. Bxd6 Qxd6 11. Nc3 O-O 12. Rc1 Rfe8 13. Na4 Ne4 14. Nc3 Re6
15. Nh4 Rh6 16. g3 Qf6 1/2-1/2

[Event "PRAGUE OPEN 2020 - B - FIDE open"]
[Site "Praha, Olympik hotel"]
[Date "2020.01.14"]
[Round "6"]
[White "FORD, Clifton P"]
[Black "SONNTAGBAUER, Manfred"]
[Result "1/2-1/2"]
[WhiteElo "1803"]
[BlackElo "1431"]
[PlyCount "34"]
[EventDate "2020.01.10"]

1. d4 d5 2. c4 e6 3. Nf3 Nf6 4. g3 Be7 5. Bg2 O-O 6. O-O c6 7. Qc2 dxc4 8. e4
h6 9. Nbd2 b5 10. a4 Bb4 11. axb5 cxb5 12. b3 cxb3 13. Qxb3 a6 14. Re1 Re8 15.
Bb2 Nbd7 16. Bc3 Qb6 17. Bh3 Nf8 1/2-1/2

[Event "PRAGUE OPEN 2020 - A - IM open"]
[Site "?"]
[Date "2020.01.16"]
[Round "7"]
[White "Liu, Zhaoqi"]
[Black "Quesada Perez, Luis Ernesto"]
[Result "0-1"]
[BlackElo "2491"]
[WhiteElo "2328"]
[LiveChessVersion "1.4.8"]

1. c4 {[%clk 1:28:40]} f5 {[%clk 1:30:53]} 2. Nc3 {[%clk 1:28:40]} Nf6
{[%clk 1:31:18]} 3. g3 {[%clk 1:29:03]} g6 {[%clk 1:31:22]} 4. Bg2
{[%clk 1:29:26]} Bg7 {[%clk 1:31:47]} 5. e3 {[%clk 1:29:49]} O-O {[%clk 1:30:58]}
6. Nge2 {[%clk 1:30:11]} e5 {[%clk 1:30:58]} 7. O-O {[%clk 1:30:08]} d6
{[%clk 1:22:26]} 8. d4 {[%clk 1:30:03]} Nc6 {[%clk 1:20:23]} 9. dxe5
{[%clk 1:30:14]} dxe5 {[%clk 1:13:47]} 10. e4 {[%clk 1:23:07]} Nd4
{[%clk 0:48:59]} 11. f4 {[%clk 0:53:52]} Nxe4 {[%clk 0:38:31]} 12. fxe5
{[%clk 0:52:46]} Nxe2+ {[%clk 0:29:01]} 13. Qxe2 {[%clk 0:53:05]} Qd4+
{[%clk 0:29:21]} 14. Kh1 {[%clk 0:49:35]} Be6 {[%clk 0:29:27]} 15. Nxe4
{[%clk 0:47:56]} fxe4 {[%clk 0:27:59]} 16. Rxf8+ {[%clk 0:47:00]} Rxf8
{[%clk 0:28:13]} 17. Bf4 {[%clk 0:47:26]} Bxc4 {[%clk 0:21:14]} 18. Qxe4
{[%clk 0:47:41]} Qxe4 {[%clk 0:21:38]} 19. Bxe4 {[%clk 0:48:08]} c6
{[%clk 0:22:07]} 20. Rd1 {[%clk 0:42:59]} Re8 {[%clk 0:22:09]} 21. Bf3
{[%clk 0:41:48]} Kf7 {[%clk 0:14:38]} 22. b3 {[%clk 0:42:04]} Be6
{[%clk 0:15:04]} 23. Kg2 {[%clk 0:40:52]} a5 {[%clk 0:12:15]} 24. h4
{[%clk 0:35:07]} Ra8 {[%clk 0:11:28]} 25. Rb1 {[%clk 0:31:37]} Rd8
{[%clk 0:09:39]} 26. b4 {[%clk 0:27:55]} a4 {[%clk 0:08:00]} 27. b5
{[%clk 0:27:52]} Bxa2 {[%clk 0:07:18]} 28. Rb4 {[%clk 0:28:19]} cxb5
{[%clk 0:07:17]} 29. Rxb5 {[%clk 0:28:31]} Rd7 {[%clk 0:04:45]} 30. Ra5
{[%clk 0:22:42]} Bb3 {[%clk 0:04:11]} 31. e6+ {[%clk 0:23:01]} Kxe6
{[%clk 0:03:27]} 32. Bg4+ {[%clk 0:23:24]} Ke7 {[%clk 0:03:56]} 33. Bg5+
{[%clk 0:07:19]} Kd6 {[%clk 0:04:13]} 34. Bxd7 {[%clk 0:07:43]} Kxd7
{[%clk 0:04:40]} 35. Ra7 {[%clk 0:08:09]} Kc6 {[%clk 0:04:29]} 36. Kf3
{[%clk 0:08:38]} Bf8 {[%clk 0:03:29]} 37. Bc1 {[%clk 0:09:01]} h5
{[%clk 0:03:50]} 38. Ra8 {[%clk 0:07:44]} Bd6 {[%clk 0:04:10]} 39. Bf4
{[%clk 0:07:59]} Bxf4 {[%clk 0:03:44]} 40. Kxf4 {[%clk 0:08:14]} Kb5
{[%clk 0:02:20]} 41. Ra7 {[%clk 0:05:56]} b6 {[%clk 0:01:40]} 42. Ke3
{[%clk 0:03:32]} Kb4 {[%clk 0:29:29]} 43. Ra6 {[%clk 0:34:00]} b5
{[%clk 0:28:38]} 44. Kd2 {[%clk 0:34:24]} a3 {[%clk 0:26:43]} 45. Kc1
{[%clk 0:34:15]} Bd5 {[%clk 0:26:31]} 46. Kb1 {[%clk 0:32:43]} Kb3
{[%clk 0:26:32]} 47. Ka1 {[%clk 0:32:32]} b4 {[%clk 0:24:36]} 48. g4
{[%clk 0:14:28]} Kc3 {[%clk 0:23:00]} 49. gxh5 {[%clk 0:14:03]} gxh5
{[%clk 0:23:25]} 50. Ra5 {[%clk 0:12:12]} Bc4 {[%clk 0:23:37]} 51. Ra7
{[%clk 0:10:57]} b3 {[%clk 0:23:40]} 52. Rxa3 {[%clk 0:11:22]} Bf1
{[%clk 0:24:08]} 53. Kb1 {[%clk 0:09:31]} Bb5 {[%clk 0:24:27]} 54. Kc1
{[%clk 0:09:10]} Bd3 {[%clk 0:24:53]} 55. Kd1 {[%clk 0:09:33]} Kb4
{[%clk 0:25:10]} 56. Ra7 {[%clk 0:06:02]} b2 {[%clk 0:25:35]} 57. Rb7+
{[%clk 0:06:29]} Kc3 {[%clk 0:26:00]} 58. Rc7+ {[%clk 0:06:56]} Kd4
{[%clk 0:25:47]} 59. Rd7+ {[%clk 0:05:22]} Ke3 {[%clk 0:25:47]} 60. Re7+
{[%clk 0:05:22]} Kf4 {[%clk 0:25:55]} 0-1

[Event "PRAGUE OPEN 2020 - A - IM open"]
[Site "?"]
[Date "2020.01.16"]
[Round "7"]
[White "Stankovic, Milos"]
[Black "Czerw, Dawid"]
[Result "1/2-1/2"]
[BlackElo "2262"]
[WhiteElo "2466"]
[LiveChessVersion "1.4.8"]

1. e4 {[%clk 1:25:50]} c5 {[%clk 1:30:56]} 2. Nf3 {[%clk 1:25:51]} e6
{[%clk 1:31:10]} 3. b3 {[%clk 1:24:49]} b6 {[%clk 1:31:10]} 4. Bd3
{[%clk 1:24:46]} Bb7 {[%clk 1:30:53]} 5. O-O {[%clk 1:24:44]} d6 {[%clk 1:21:04]}
6. Bb2 {[%clk 1:24:33]} Nd7 {[%clk 1:20:27]} 7. Re1 {[%clk 1:23:14]} Ngf6
{[%clk 1:17:33]} 8. c3 {[%clk 1:22:35]} Be7 {[%clk 1:17:02]} 9. Bc2
{[%clk 1:22:39]} O-O {[%clk 1:16:19]} 10. d4 {[%clk 1:21:44]} cxd4
{[%clk 1:13:24]} 11. cxd4 {[%clk 1:18:47]} d5 {[%clk 1:13:46]} 12. e5
{[%clk 1:14:54]} Ne4 {[%clk 1:13:44]} 13. Nfd2 {[%clk 1:09:18]} f5
{[%clk 1:03:33]} 14. exf6 {[%clk 0:55:25]} Ndxf6 {[%clk 1:01:50]} 15. f3
{[%clk 0:55:18]} Nxd2 {[%clk 0:50:11]} 16. Nxd2 {[%clk 0:55:37]} Bd6
{[%clk 0:46:27]} 17. Nf1 {[%clk 0:48:00]} Qd7 {[%clk 0:44:18]} 18. Qd3
{[%clk 0:44:59]} Rae8 {[%clk 0:41:47]} 19. Ng3 {[%clk 0:43:50]} g6
{[%clk 0:40:57]} 20. Rac1 {[%clk 0:41:26]} Qd8 {[%clk 0:38:46]} 21. Re2
{[%clk 0:39:56]} Qb8 {[%clk 0:33:53]} 22. Rce1 {[%clk 0:34:01]} Bxg3
{[%clk 0:25:32]} 23. hxg3 {[%clk 0:34:25]} Qxg3 {[%clk 0:25:59]} 24. Ba3
{[%clk 0:32:25]} Nh5 {[%clk 0:24:54]} 25. Bxf8 {[%clk 0:31:25]} Nf4
{[%clk 0:25:06]} 26. Qd2 {[%clk 0:30:25]} Nxe2+ {[%clk 0:24:41]} 27. Rxe2
{[%clk 0:30:27]} Kxf8 {[%clk 0:19:21]} 28. Qh6+ {[%clk 0:29:43]} Kg8
{[%clk 0:19:38]} 29. Re5 {[%clk 0:29:56]} Re7 {[%clk 0:19:52]} 30. Rg5
{[%clk 0:20:05]} Qe1+ {[%clk 0:13:43]} 31. Kh2 {[%clk 0:19:47]} Rg7
{[%clk 0:14:08]} 32. Re5 {[%clk 0:16:59]} Qc3 {[%clk 0:14:19]} 33. Rxe6
{[%clk 0:15:40]} Qxc2 {[%clk 0:13:24]} 34. Re8+ {[%clk 0:13:26]} Kf7
{[%clk 0:13:49]} 35. Re7+ {[%clk 0:13:30]} Kxe7 {[%clk 0:14:12]} 36. Qxg7+
{[%clk 0:13:57]} Kd8 {[%clk 0:13:22]} 37. Qxb7 {[%clk 0:13:33]} Qc7+
{[%clk 0:13:46]} 38. Qxc7+ {[%clk 0:13:58]} Kxc7 {[%clk 0:14:13]} 39. Kg3
{[%clk 0:14:12]} Kd6 {[%clk 0:13:47]} 1/2-1/2

[Event "PRAGUE OPEN 2020 - A - IM open"]
[Site "?"]
[Date "2020.01.16"]
[Round "7"]
[White "Strebkovs, Andrejs"]
[Black "Budnikov, Oleg"]
[Result "0-1"]
[BlackElo "2432"]
[WhiteElo "2278"]
[LiveChessVersion "1.4.8"]

1. d4 {[%clk 1:30:57]} g6 {[%clk 1:22:48]} 2. e4 {[%clk 1:30:30]} d6
{[%clk 1:22:46]} 3. c4 {[%clk 1:29:20]} Bg7 {[%clk 1:23:07]} 4. Nc3
{[%clk 1:29:37]} Nf6 {[%clk 1:22:49]} 5. Be2 {[%clk 1:28:44]} O-O
{[%clk 1:23:07]} 6. Nf3 {[%clk 1:28:23]} Nbd7 {[%clk 1:21:24]} 7. O-O
{[%clk 1:26:40]} e5 {[%clk 1:21:47]} 8. Re1 {[%clk 1:26:18]} c6 {[%clk 1:21:46]}
9. Rb1 {[%clk 1:24:45]} exd4 {[%clk 1:20:21]} 10. Nxd4 {[%clk 1:25:05]} Nc5
{[%clk 1:20:37]} 11. Bf1 {[%clk 1:23:58]} Re8 {[%clk 1:20:56]} 12. f3
{[%clk 1:22:58]} a5 {[%clk 1:21:03]} 13. b3 {[%clk 1:22:04]} Nh5 {[%clk 1:18:28]}
14. g4 {[%clk 1:13:47]} Nf6 {[%clk 1:15:21]} 15. Be3 {[%clk 1:10:39]} h5
{[%clk 1:15:36]} 16. h3 {[%clk 1:04:15]} hxg4 {[%clk 1:15:38]} 17. hxg4
{[%clk 1:04:33]} Nfxe4 {[%clk 1:13:06]} 18. Nxe4 {[%clk 0:56:31]} Nxe4
{[%clk 1:12:00]} 19. fxe4 {[%clk 0:56:52]} Rxe4 {[%clk 1:12:14]} 20. Qd2
{[%clk 0:54:55]} Rxg4+ {[%clk 1:11:51]} 21. Bg2 {[%clk 0:54:39]} Qh4
{[%clk 1:07:59]} 22. Nf3 {[%clk 0:52:54]} Qh5 {[%clk 1:07:37]} 23. Nh2
{[%clk 0:50:15]} Rh4 {[%clk 1:03:42]} 24. Bf4 {[%clk 0:47:11]} Bh3
{[%clk 0:58:31]} 25. Qxd6 {[%clk 0:44:32]} Bxg2 {[%clk 0:53:36]} 26. Kxg2
{[%clk 0:44:53]} Qf5 {[%clk 0:53:25]} 27. Bg3 {[%clk 0:35:08]} Qh3+
{[%clk 0:49:29]} 28. Kh1 {[%clk 0:31:43]} Rd4 {[%clk 0:49:50]} 29. Qc7
{[%clk 0:31:26]} Rd2 {[%clk 0:50:09]} 30. Rg1 {[%clk 0:31:29]} Re8
{[%clk 0:45:11]} 31. Rbf1 {[%clk 0:29:04]} f5 {[%clk 0:44:16]} 32. Qf4
{[%clk 0:13:34]} Ree2 {[%clk 0:43:24]} 33. Bf2 {[%clk 0:12:44]} Be5
{[%clk 0:35:56]} 34. Rxg6+ {[%clk 0:12:33]} Kf7 {[%clk 0:35:11]} 35. Qh6
{[%clk 0:01:40]} Qxh6 {[%clk 0:35:17]} 36. Rxh6 {[%clk 0:02:07]} Rxf2
{[%clk 0:35:33]} 37. Rxf2 {[%clk 0:02:19]} Rxf2 {[%clk 0:35:56]} 38. Rh3
{[%clk 0:02:35]} Rxh2+ {[%clk 0:36:19]} 0-1

[Event "PRAGUE OPEN 2020 - A - IM open"]
[Site "?"]
[Date "2020.01.16"]
[Round "7"]
[White "Low, Zhen Yu Cyrus"]
[Black "Ochedzan, Tymon"]
[Result "1-0"]
[BlackElo "2140"]
[WhiteElo "2415"]
[LiveChessVersion "1.4.8"]

1. e4 {[%clk 1:30:57]} c5 {[%clk 1:30:52]} 2. Nc3 {[%clk 1:31:08]} Nc6
{[%clk 1:31:01]} 3. Bb5 {[%clk 1:31:31]} Nd4 {[%clk 1:29:17]} 4. Nf3
{[%clk 1:31:51]} Nxb5 {[%clk 1:26:26]} 5. Nxb5 {[%clk 1:32:12]} d6
{[%clk 1:20:02]} 6. d4 {[%clk 1:32:15]} cxd4 {[%clk 1:16:03]} 7. Qxd4
{[%clk 1:32:25]} a6 {[%clk 1:13:51]} 8. Nc3 {[%clk 1:32:46]} e5 {[%clk 1:12:07]}
9. Qd3 {[%clk 1:33:09]} Be7 {[%clk 1:10:32]} 10. O-O {[%clk 1:33:26]} h6
{[%clk 1:08:29]} 11. Nd2 {[%clk 1:33:35]} Nf6 {[%clk 1:06:11]} 12. Nc4
{[%clk 1:33:33]} b5 {[%clk 1:03:02]} 13. Ne3 {[%clk 1:33:34]} O-O
{[%clk 1:00:33]} 14. a4 {[%clk 1:28:39]} b4 {[%clk 0:54:02]} 15. Ncd5
{[%clk 1:28:58]} a5 {[%clk 0:53:15]} 16. Rd1 {[%clk 1:24:18]} Bb7
{[%clk 0:44:22]} 17. Nxe7+ {[%clk 1:12:08]} Qxe7 {[%clk 0:44:41]} 18. Nf5
{[%clk 1:12:32]} Qe6 {[%clk 0:30:45]} 19. Qg3 {[%clk 1:06:35]} Nh5
{[%clk 0:25:06]} 20. Qg4 {[%clk 1:04:34]} g6 {[%clk 0:20:58]} 21. Rxd6
{[%clk 1:04:03]} Nf6 {[%clk 0:19:13]} 22. Qe2 {[%clk 1:01:22]} Ba6
{[%clk 0:18:57]} 23. Qf3 {[%clk 0:57:49]} Qc4 {[%clk 0:16:08]} 24. Bxh6
{[%clk 0:56:46]} Nxe4 {[%clk 0:12:43]} 25. Rc6 {[%clk 0:53:42]} Nd2
{[%clk 0:07:01]} 26. Ne7+ {[%clk 0:53:33]} Kh7 {[%clk 0:07:03]} 27. Qf6
{[%clk 0:53:35]} Kxh6 {[%clk 0:06:40]} 28. Rxc4 {[%clk 0:53:58]} Bxc4
{[%clk 0:07:00]} 29. Nf5+ {[%clk 0:54:21]} Kh5 {[%clk 0:07:21]} 30. Qh4#
{[%clk 0:54:46]} 1-0

[Event "PRAGUE OPEN 2020 - A - IM open"]
[Site "?"]
[Date "2020.01.16"]
[Round "7"]
[White "Foo, William J"]
[Black "Lalic, Bogdan"]
[Result "0-1"]
[BlackElo "2402"]
[WhiteElo "2186"]
[LiveChessVersion "1.4.8"]

1. d4 {[%clk 1:29:34]} Nf6 {[%clk 1:30:29]} 2. g3 {[%clk 1:29:56]} c5
{[%clk 1:30:46]} 3. Nf3 {[%clk 1:29:28]} cxd4 {[%clk 1:28:40]} 4. Nxd4
{[%clk 1:29:36]} Nc6 {[%clk 1:28:52]} 5. Bg2 {[%clk 1:28:08]} g6 {[%clk 1:29:15]}
6. e4 {[%clk 1:24:12]} Nxd4 {[%clk 1:26:31]} 7. Qxd4 {[%clk 1:24:27]} d6
{[%clk 1:26:57]} 8. h3 {[%clk 0:59:44]} Bg7 {[%clk 1:27:20]} 9. Be3
{[%clk 0:58:15]} O-O {[%clk 1:25:31]} 10. Qd2 {[%clk 0:56:59]} d5
{[%clk 1:04:44]} 11. exd5 {[%clk 0:42:27]} Nxd5 {[%clk 1:05:09]} 12. Bd4
{[%clk 0:40:55]} Nf4 {[%clk 1:01:08]} 13. Qxf4 {[%clk 0:39:02]} Bxd4
{[%clk 1:01:29]} 14. c3 {[%clk 0:39:21]} Bg7 {[%clk 1:01:36]} 15. Nd2
{[%clk 0:34:25]} Be6 {[%clk 0:59:36]} 16. O-O {[%clk 0:29:52]} Qb6
{[%clk 0:59:50]} 17. Nc4 {[%clk 0:29:35]} Qb5 {[%clk 0:59:03]} 18. b3
{[%clk 0:26:03]} Rac8 {[%clk 0:56:46]} 19. Qe3 {[%clk 0:21:24]} b6
{[%clk 0:55:34]} 20. Rac1 {[%clk 0:18:21]} Qa6 {[%clk 0:38:03]} 21. Rc2
{[%clk 0:12:21]} Bxc4 {[%clk 0:37:44]} 22. bxc4 {[%clk 0:12:47]} e6
{[%clk 0:37:28]} 23. Rd1 {[%clk 0:12:16]} Qa4 {[%clk 0:36:33]} 24. Qd2
{[%clk 0:09:01]} Rxc4 {[%clk 0:33:14]} 25. Rdc1 {[%clk 0:06:38]} Bf6
{[%clk 0:31:45]} 26. Bf1 {[%clk 0:06:38]} Rd8 {[%clk 0:31:06]} 27. Qe3
{[%clk 0:05:54]} Rc5 {[%clk 0:29:19]} 28. c4 Bg5 {[%clk 0:25:00]} 29. f4
{[%clk 0:05:05]} Be7 {[%clk 0:25:08]} 30. Rd2 {[%clk 0:04:30]} Rcc8
{[%clk 0:24:03]} 31. Rxd8+ {[%clk 0:01:04]} Rxd8 {[%clk 0:24:21]} 32. Kh1
{[%clk 0:01:28]} Qxa2 {[%clk 0:23:29]} 33. Re1 {[%clk 0:01:15]} Bc5
{[%clk 0:20:07]} 34. Qf3 Qf2 35. Qxf2 {[%clk 0:00:54]} Bxf2 {[%clk 0:20:35]} 36.
Re4 a5 {[%clk 0:19:51]} 37. Kg2 {[%clk 0:01:10]} Bc5 0-1

[Event "PRAGUE OPEN 2020 - A - IM open"]
[Site "?"]
[Date "2020.01.16"]
[Round "7"]
[White "Sharma, Isha"]
[Black "Peng, Hongchi"]
[Result "0-1"]
[BlackElo "2362"]
[WhiteElo "2169"]
[LiveChessVersion "1.4.8"]

1. e4 {[%clk 1:29:12]} c5 {[%clk 1:30:55]} 2. Nf3 {[%clk 1:29:22]} d6
{[%clk 1:31:21]} 3. Bb5+ {[%clk 1:29:14]} Nc6 {[%clk 1:31:39]} 4. Bxc6+
{[%clk 1:28:51]} bxc6 {[%clk 1:32:05]} 5. e5 {[%clk 1:28:52]} dxe5
{[%clk 1:29:30]} 6. Nxe5 {[%clk 1:28:55]} Qd5 {[%clk 1:29:49]} 7. Nf3
{[%clk 1:29:16]} Qe4+ {[%clk 1:29:57]} 8. Kf1 {[%clk 1:29:38]} Ba6+
{[%clk 1:30:02]} 9. d3 {[%clk 1:29:26]} Qf5 {[%clk 1:28:47]} 10. Qe2
{[%clk 1:27:57]} Rd8 {[%clk 1:26:07]} 11. Ne5 {[%clk 1:15:18]} Nf6
{[%clk 1:19:53]} 12. Nd2 {[%clk 1:06:12]} Nd5 {[%clk 0:54:54]} 13. Ndc4
{[%clk 1:05:22]} Bxc4 {[%clk 0:50:29]} 14. Nxc4 {[%clk 1:03:14]} g6
{[%clk 0:50:53]} 15. h4 {[%clk 0:55:39]} Bg7 {[%clk 0:50:23]} 16. h5
{[%clk 0:53:48]} O-O {[%clk 0:49:42]} 17. Bd2 {[%clk 0:49:03]} Rfe8
{[%clk 0:44:15]} 18. a3 {[%clk 0:45:09]} e5 {[%clk 0:35:16]} 19. Re1
{[%clk 0:44:03]} Nf6 {[%clk 0:33:06]} 20. h6 {[%clk 0:38:43]} Bh8
{[%clk 0:32:46]} 21. Ne3 {[%clk 0:30:52]} Qd7 {[%clk 0:31:31]} 22. Bc3
{[%clk 0:26:41]} Nd5 {[%clk 0:31:18]} 23. Ba5 {[%clk 0:25:15]} Rb8
{[%clk 0:30:38]} 24. Nc4 {[%clk 0:25:34]} Re7 {[%clk 0:27:58]} 25. Qf3
{[%clk 0:24:35]} f5 {[%clk 0:26:05]} 26. Bd2 {[%clk 0:14:32]} Rbe8
{[%clk 0:24:30]} 27. Bg5 {[%clk 0:14:47]} Rf7 {[%clk 0:24:49]} 28. Qg3
{[%clk 0:11:42]} f4 {[%clk 0:23:13]} 29. Qh3 {[%clk 0:09:16]} Rf5
{[%clk 0:23:04]} 30. Nd2 {[%clk 0:07:17]} Bf6 {[%clk 0:18:49]} 31. Bxf6
{[%clk 0:06:25]} Nxf6 {[%clk 0:18:58]} 32. Ne4 {[%clk 0:04:59]} Qd4
{[%clk 0:18:30]} 33. Nxf6+ {[%clk 0:03:30]} Rxf6 {[%clk 0:18:56]} 34. Re4
{[%clk 0:03:06]} Qd5 {[%clk 0:19:10]} 35. b3 {[%clk 0:02:38]} c4 {[%clk 0:16:36]}
36. bxc4 {[%clk 0:02:44]} Qd6 {[%clk 0:17:02]} 37. Ke2 {[%clk 0:01:40]} Rb8
{[%clk 0:17:23]} 38. Rd1 {[%clk 0:01:58]} Rb2 {[%clk 0:13:51]} 39. Rd2
{[%clk 0:02:24]} Rf5 {[%clk 0:13:49]} 40. a4 {[%clk 0:01:41]} Qa3
{[%clk 0:12:02]} 41. Qh4 {[%clk 0:30:06]} Rb8 {[%clk 0:40:48]} 42. d4
{[%clk 0:28:15]} f3+ {[%clk 0:40:17]} 43. gxf3 {[%clk 0:24:35]} Qxf3+
{[%clk 0:40:43]} 44. Kf1 {[%clk 0:25:00]} Rf4 {[%clk 0:39:32]} 0-1